Dil (Record no. 18835)
[ view plain ]
| 000 -LEADER | |
|---|---|
| fixed length control field | 03040ngm a2200493 4500 |
| 003 - CONTROL NUMBER IDENTIFIER | |
| control field | dpl |
| 005 - DATE AND TIME OF LATEST TRANSACTION | |
| control field | 20081120111436.0 |
| 007 - PHYSICAL DESCRIPTION FIXED FIELD--GENERAL INFORMATION | |
| fixed length control field | DVD |
| 008 - FIXED-LENGTH DATA ELEMENTS--GENERAL INFORMATION | |
| fixed length control field | ||||||sp199 xxu|||||c ||| 00| 0 ng d |
| 010 ## - LIBRARY OF CONGRESS CONTROL NUMBER | |
| LC control number | DVD-001237-1239 & DVD-004536-4541 |
| 024 ## - OTHER STANDARD IDENTIFIER | |
| Standard number or code | SHE DVD 119 |
| Terms of availability | 169.00 |
| 035 ## - SYSTEM CONTROL NUMBER | |
| System control number | DVD-001237-1239 |
| 035 ## - SYSTEM CONTROL NUMBER | |
| System control number | DVD-004536-4541 |
| 040 ## - CATALOGING SOURCE | |
| Original cataloging agency | DPL |
| Transcribing agency | DPL |
| 082 ## - DEWEY DECIMAL CLASSIFICATION NUMBER | |
| Classification number | DVD / DIL |
| 245 ## - TITLE STATEMENT | |
| Title | Dil |
| Statement of responsibility, etc | Maruti International Presents |
| Medium | [videorecording] DVD/ |
| 260 ## - PUBLICATION, DISTRIBUTION, ETC. (IMPRINT) | |
| Name of publisher, distributor, etc | Shemaroo Video Pvt. Ltd. |
| 300 ## - PHYSICAL DESCRIPTION | |
| Extent | 1 videodisc DVD; (173 min.) : |
| Other physical details | sd., col. ; |
| Dimensions | 4 3/4 in. |
| Type of unit | DVD |
| 440 ## - SERIES STATEMENT/ADDED ENTRY--TITLE | |
| Title | Shemaroo Home Entertainment |
| 500 ## - GENERAL NOTE | |
| General note | Digitally Re-Mastered From the Original Film |
| 500 ## - GENERAL NOTE | |
| General note | Interactive Menus of Songs and Scenes for Easy Access |
| 500 ## - GENERAL NOTE | |
| General note | Filmfare Award Winner Best Actress: Madhuri Dixit |
| 538 ## - SYSTEM DETAILS NOTE | |
| System details note | Dolby Digital 5.1 - Hindi Subtitles: English |
| 650 ## - SUBJECT ADDED ENTRY--TOPICAL TERM | |
| Topical term or geographic name as entry element | Motion Picture |
| 700 ## - ADDED ENTRY--PERSONAL NAME | |
| Personal name | Indira Kumar |
| 700 ## - ADDED ENTRY--PERSONAL NAME | |
| Personal name | Thakeria, Ashok |
| 700 ## - ADDED ENTRY--PERSONAL NAME | |
| Personal name | Anand Miland |
| 700 ## - ADDED ENTRY--PERSONAL NAME | |
| Personal name | Amir Khan |
| 700 ## - ADDED ENTRY--PERSONAL NAME | |
| Personal name | Dixit, Madhuri |
| 700 ## - ADDED ENTRY--PERSONAL NAME | |
| Personal name | Kher, Anupam |
| 700 ## - ADDED ENTRY--PERSONAL NAME | |
| Personal name | Jaffery, Saeed |
| 942 ## - ADDED ENTRY ELEMENTS (KOHA) | |
| Koha item type | CD-ROMs, DVDs, VHS |
| Source of classification or shelving scheme | Dewey Decimal Classification |
| Classification part | DVD |
| Call number suffix | DIL |
| Withdrawn status | Lost status | Source of classification or shelving scheme | Damaged status | Not for loan | Home library | Current library | Date acquired | Source of acquisition | Cost, normal purchase price | Total Checkouts | Full call number | Barcode | Date last seen | Date checked out | Copy number | Cost, replacement price | Price effective from | Koha item type |
|---|---|---|---|---|---|---|---|---|---|---|---|---|---|---|---|---|---|---|
| Dewey Decimal Classification | Central Library | Central Library | 20/11/2008 | Purchase | 169.00 | 12 | DVD DIL | DVD-001237 | 14/07/2017 | 07/07/2017 | 1 | 169.00 | 20/11/2008 | CD-ROMs, DVDs, VHS | ||||
| Dewey Decimal Classification | Janak Puri | Janak Puri | 12/11/2009 | Pioneers/885/29-10-09/325/13-10-09 /06-11-09 | 169.00 | 5 | DVD DIL | DVD-004536 | 27/02/2013 | 14/02/2013 | 1 | 169.00 | 12/11/2009 | CD-ROMs, DVDs, VHS | ||||
| Dewey Decimal Classification | Karol Bagh | Karol Bagh | 12/11/2009 | Pioneers/885/29-10-09/325/13-10-09 /06-11-09 | 169.00 | 4 | DVD DIL | DVD-004539 | 24/06/2014 | 16/06/2014 | 1 | 169.00 | 12/11/2009 | CD-ROMs, DVDs, VHS | ||||
| Dewey Decimal Classification | Narela | Narela | 12/11/2009 | Pioneers/885/29-10-09/325/13-10-09 /06-11-09 | 169.00 | 4 | DVD DIL | DVD-004540 | 16/02/2012 | 16/02/2012 | 1 | 169.00 | 12/11/2009 | CD-ROMs, DVDs, VHS | ||||
| Dewey Decimal Classification | Patel Nagar | Patel Nagar | 20/11/2008 | Purchase | 169.00 | 9 | DVD DIL | DVD-001239 | 05/03/2014 | 24/02/2014 | 1 | 169.00 | 20/11/2008 | CD-ROMs, DVDs, VHS | ||||
| Dewey Decimal Classification | R.K.Puram-8 | R.K.Puram-8 | 12/11/2009 | Pioneers/885/29-10-09/325/13-10-09 /06-11-09 | 169.00 | 1 | DVD DIL | DVD-004537 | 06/06/2011 | 24/05/2011 | 1 | 169.00 | 12/11/2009 | CD-ROMs, DVDs, VHS | ||||
| Dewey Decimal Classification | Sarojini Nagar | Sarojini Nagar | 20/11/2008 | Purchase | 169.00 | 7 | DVD DIL | DVD-001238 | 28/12/2015 | 19/12/2015 | 1 | 169.00 | 20/11/2008 | CD-ROMs, DVDs, VHS | ||||
| Dewey Decimal Classification | Shahdara Branch | Shahdara Branch | 12/11/2009 | Pioneers/885/29-10-09/325/13-10-09 /06-11-09 | 169.00 | DVD DIL | DVD-004541 | 12/11/2009 | 1 | 169.00 | 12/11/2009 | CD-ROMs, DVDs, VHS | ||||||
| Dewey Decimal Classification | Vinoba Puri | Vinoba Puri | 12/11/2009 | Pioneers/885/29-10-09/325/13-10-09 /06-11-09 | 169.00 | 1 | DVD DIL | DVD-004538 | 30/10/2010 | 28/10/2010 | 1 | 169.00 | 12/11/2009 | CD-ROMs, DVDs, VHS |
